A-Z Famous People - Indiana - Statistics

General Stats
  • This quiz has been taken 81 times
  • The average score is 9 of 26
Answer Stats
Picture Hint Answer % Correct
J - Singer & Dancer Michael Jackson
100%
D - Actor James Dean
82%
S - Businessman Colonel Sanders
81%
L - TV Host David Letterman
75%
B - Basketball Player Larry Bird
72%
R - Singer & Songwriter Axl Rose
65%
F - Actor Brendan Fraser
63%
M - Actor & Racing Driver Steve McQueen
54%
Q - Politician Dan Quayle
51%
P - Basketball Coach Gregg Popovich
38%
K - Actor Greg Kinnear
35%
V - Writer & Humorist Kurt Vonnegut
35%
W - Wrestler The Ultimate Warrior
33%
H - Actress Florence Henderson
26%
Y - Actor Dick York
25%
X - Actress & TV Host (Surname ending in 'X') Vivica A. Fox
22%
E - Comedian & Actor Mike Epps
21%
N - Actor Dean Norris
18%
C - Actor & Musician Scatman Crothers
10%
G - Engineer & Pilot Gus Grissom
8%
A - Theoretical Physicist Philip W. Anderson
7%
T - Actress & Director Alice Terry
4%
O - Singer-Songwriter Amanda Overmyer
4%
U - Physical Chemist Harold Urey
4%
I - Officer Jonas H. Ingram
4%
Z - Boxer Tony Zale
4%
No matching quizzes found
Score Distribution
Percent of People with Each Score
Percentile by Number Answered
Your Score History
You have not taken this quiz